Guess the Silverchair Song by Lyrics - Statistics

General Stats
  • This quiz has been taken 29 times
  • The average score is 11 of 20
Answer Stats
Lyrics Song % Correct
"Seems it's in fashion to need the cold sore cream" Freak
92%
"The water out of the tap is very hard to drink" Tomorrow
92%
"I'll kill myself from holding my breath" Suicidal Dream
85%
"If you're not here soon, I'll kill your friend instead" Israel's Son
73%
"We are the youth and we are knocking on death's door" Anthem for the Year 2000
69%
"Here's your warning, I'll give you click click boom" Cemetery
69%
"Only book that I own is called "How to Lose'" Slave
65%
"Throw the sailors overboard" Abuse Me
62%
"Increase delete escape defeat" Emotion Sickness
58%
"It's just a fad, part of the, teen, teenage angst brigade" Miss You Love
58%
"Breathin' from a hole in my lung" Straight Lines
58%
"When he was just a little boy, he only had one favourite toy" Cicada
54%
"Take a hit from the drugs you stole, and try to survive" Pop Song for Us Rejects
54%
"You're the analyst, the fungus in my milk" The Greatest View
54%
"It's like the candle's lit at both ends now" Undecided
38%
"Sandpaper tears corrode the film" Ana's Song (Open Fire)
35%
"Sitting in my bedroom spinning" Stoned
35%
"Blistered skin in a cold hearted pool" One Way Mule
27%
"So your god fell in love with the war" Hollywood
23%
"Cause nothing's secure, it's just kept behind bars" Ramble
12%
No matching quizzes found
Score Distribution
Percent of People with Each Score
Percentile by Number Answered
Your Score History
You have not taken this quiz